| 000 | 00379nam a22001217a 4500 | ||
|---|---|---|---|
| 999 |
_c10340 _d10340 |
||
| 003 | OSt | ||
| 008 | 201207b ||||| |||| 00| 0 eng d | ||
| 245 | _aJournal of Scientific and Industrial Research | ||
| 250 | _a2017(Jun Vol.76 No.6, Jul Vol.76 No.7, Aug Vol.76 No.8, Dec Vol.73 No.12) | ||
| 260 |
_aNew Delhi _bCSIR-NISCAIR |
||
| 650 | _aMechanical Engineering | ||
| 942 |
_2ddc _cBV |
||